| 000 | 00564nam a22001697a 4500 | ||
|---|---|---|---|
| 003 | PILC | ||
| 005 | 20150605125523.0 | ||
| 008 | 150605b xxu||||| |||| 00| 0 eng d | ||
| 050 |
_aT 58.6 _b.B447 2007 |
||
| 100 | _aBellon, Jerald Santos. | ||
| 245 |
_aThe product information system of pharma world tdg. co. / _cJeral Santos Bellon. |
||
| 260 |
_aLas PiƱas City: _bSISC, _c2007. |
||
| 300 |
_ax, 166 pages : _billustrations ; _c28 cm. |
||
| 500 | _a Includes bibliographical references and appendices. | ||
| 650 | _aInformation system. | ||
| 942 |
_2lcc _cTH _kLOC |
||
| 999 |
_c284758 _d284758 |
||